000 00305nam a2200133Ia 4500
100 _aPowersoft Enterprises Series
942 _cBK
654 _aComputer
245 _aPower Builder : Getting Started
260 _bMicrosoft corporation
_aUSA
_c1994
300 _a255
546 _aENGLISH
999 _c27420
_d27420